00351nam a22001337a 4500020001800000040000900018082001600027100002300043110002400066245003500090250001600125260004200141650003400183 a9781119869818 cNUST a658.404 POR aPortny, Jonathan L a Portny, Stanley E. aProject Management for Dummies a6th Edition aHoboken:bJohn Wiley and Sons,c2022. aProject Management.NUSTTB2022